000 00686cam a22001934a 4500
005 20250605164342.0
008 250528s ||||||||||||||||||||||||d
035 _a23651
040 _aGR-AtMCL
_bgre
_dGR-AtMCL
_eAACR2
245 1 _aΤο Πληροφοριακό Σύστημα και η Εφαρμογή του στα Νοσοκομεία/
260 _c2014
300 _a31
520 _aΕισαγωγή, Ηλεκτρονική Καταγραφή Ιατρικών Εντολών, Βιβλιογραφία.
700 1 _aΛάμπρου Αγάπη-Αργυρώ
_99246
700 1 _aΦλέσσα Μαριάννα
_99247
942 _cDS
999 _c8648
_d8648